Tous les types de pains - Statistiques

Statistiques générales
  • Ce quiz a été pris 105 fois
  • Le résultat moyen est 6 sur 15
Statistiques - réponses
0 PAIN % Correct
1 baguette
91%
2 tradition
57%
11 campagne
55%
7 complet
53%
9 mie
51%
13 céréale
48%
5 seigle
45%
6 maïs
40%
10 brioche
35%
4 graine
31%
8 levain
27%
14 ciabatta
8%
3 viking
6%
12 régionaux
2%
15 challah
1%
Aucun quiz correspondant
Distribution des résultats
% des personnes avec chaque résultat
Percentile par nombre de réponses
Votre historique - résultats
Vous n’avez pas pris ce quiz